Bilecik Bilecik Bilecik Bilecik Bilecik

Sanayide Çevreye Duyarlı Yaklaşımlar: Temiz Üretim ve Eko-Verimlilik/ (Record no. 7894)

MARC details
000 -BAŞLIK
Sabit Uzunluktaki Kontrol Alanı 00967nam a22003017a 4500
001 - KONTROL NUMARASI
Control Dosyası 0007918
003 - KONTROL NUMARASI KİMLİĞİ
Kontrol Alanı KOHA_MİRAKIL
005 - EN SON İŞLEM TARİHİ ve ZAMANI
Kontrol Alanı 20260207001615.0
007 - FİZİKSEL TANIM SABİT ALAN - GENEL BİLGİ
Sabit uzunluklu kontrol alanı ta
008 - SABİT UZUNLUKTAKİ VERİ ÖGELERİ - GENEL BİLGİ
Sabit Alan 091006b2007 tu |||gr||||#||||0|tur |
020 ## - ISBN - ULUSLARARASI STANDART KİTAP NUMARASI
Isbn 9789754403527
Kullanılabilirlik koşulları 0,01
040 ## - KATALOGLAMA KAYNAĞI
Özgün Kataloglama Kurumu TR-BiSEU
Kataloglama Dili tur
Çeviri Kurumu TR-BiSEU
Açıklama Kuralları rda
041 0# - DİL KODU
Metin ya da ses kaydının dil kodu tur
044 ## - YAYINLAYAN/ÜRETEN KURULUŞUN ÜLKE KODU
ISO country code tu
050 ## - SINIFLAMA ve YER NUMARASI
Sınıflama Numarası TD194
Yer Numarası .A39 2007
100 1# - KİŞİ ADI
Yazar Adı (Kişi adı) Akyol, Selin.
245 1# - ESER ADI BİLDİRİMİ
Başlık Sanayide Çevreye Duyarlı Yaklaşımlar: Temiz Üretim ve Eko-Verimlilik/
Sorumluluk Bildirimi Selin Akyol ; Selin Akyol.
264 #1 - ÜRERİM, YAYIN, DAĞITIM ve TELİF BİLDİRİMİ
Yayın yeri Ankara :
Yayınlayan MPM Yayınları
Yayın tarihi 2007
300 ## - FİZİKSEL TANIMLAMA
Sayfa, Cilt vb. 102 sayfa: tablo
336 ## - İÇERİK TÜRÜ
Content type term metin
Content type code txt
Source rdacontent
337 ## - MEDYA TÜRÜ
Media type term aracısız
Media type code n
Source rdamedia
338 ## - TAŞIYICI TÜRÜ
Carrier type term cilt
Carrier type code nc
Source rdacarrier
490 1# - DİZİ BİLDİRİMİ
Dizi Bildirimi Milli Prodüktivite Merkezi Yayınları No ;
Cilt Numarası 693.
650 #0 - KONU BAŞLIĞI EK GİRİŞ - KONU TERİMİ
Konusal terim veya coğrafi ad Çevre koruma--Türkiye.
9 (RLIN) 19630
650 #0 - KONU BAŞLIĞI EK GİRİŞ - KONU TERİMİ
Konusal terim veya coğrafi ad Sanayi-- Çevresel yönler.
9 (RLIN) 19631
830 1# - SERİ EK GİRİŞİ - TEKBİÇİM ESER ADI
Tekbiçim Başlık Milli Prodüktivite Merkezi Yayınları No ;
Volume number/sequential designation 693.
9 (RLIN) 19632
942 ## - EK GİRİŞ ÖGELERİ (KOHA)
Source of classification or shelving scheme Library of Congress Classification
Koha item type Book
Holdings
Materyal Türü Kalıcı Konum Mevcut Konum Raf Yeri Sınıflandırma Kaynağı Edinim Bilgisi Ana Konular Alt Konular Yer Numarası Demirbaş Numarası Fatura Tarihi Geri Çekilme Durumu Kayıp Durumu Hasarlı Durumu Kredi için değil Kayıt Tarih Toplam Ödünçverme Son Görülme Tarihi Son Kontrol Tarihi Genel / Bağış Notu
Book Prof. Dr. Azmi Özcan Kütüphanesi Prof. Dr. Azmi Özcan Kütüphanesi Birûni Salonu Library of Congress Classification Bağış TEKNOLOJİ Çevre Teknolojisi, Sıhhi Mühendislik TD194 .A39 2007 0007918 13/08/2010         06/10/2009 5 05/12/2024 05/12/2024 Genel Bağış